| 000 | 00737nam a2200157 a 4500 | ||
|---|---|---|---|
| 008 | 140609s2011 ||||||||||||||||| || u | ||
| 050 | _aTHESIS/MBA | ||
| 100 | _aMbewe, Charles | ||
| 245 | 1 | 2 |
_aA study of the effectiveness of Foreign Direct Investment in the mining sector: a case Kansanshi and Konkola Copper Mines _cby Charles Mbewe |
| 260 |
_aKitwe: _bCopperbelt University _c2011 |
||
| 300 | _axiii, 108p.: ill. | ||
| 650 | _aFOREIGN DIRECT INVESTMENT--KANSANSHI COPPER MINE | ||
| 650 | _aFOREIGN DIRECT INVESTMENT--KONKOLA COPPER MINE | ||
| 650 | _aFOREIGN DIRECT INVESTMENT-- MINING SECTOR | ||
| 995 |
_FCBU-MAIN LIBRARY (Kitwe) _M1 _UAVAILABLE _WJun 9, 2014 _ZUniversity Collection |
||
| 999 |
_c58898 _d58898 |
||